000 00297pam a2200133 a 4500
020 _c
041 _h
082 _a750
_bGEH
100 _aIan Chilvers .
245 _aArt an Artists
_hTextual Documents
260 _aEngland
_bOxford University Press
300 _a513:
_bpaper.
930 _a5951
999 _c239741
_d239741